[Event "Let's Play Chess!"]
[Site "http://www.queenalice.com/game.php?id=291801"]
[Date "2007.10.23"]
[Round "-"]
[White "spawnwolfwolverine"]
[Black "Bruce_Willis"]
[Result "0-1"]
[WhiteElo "1479"]
[BlackElo "1971"]

1. e4 c5 2. d3 Nf6 3. Nf3 Nc6 4. Be2 g6 5. O-O Bg7 6. Bg5 O-O 7. c4 h6 8. Bh4 d6
9. Nbd2 Nh5 10. a3 Nf4 11. Rb1 f5 12. b4 g5 13. Bg3 Nxe2+ 14. Qxe2 f4 15. Bxf4
Rxf4 16. b5 Ne5 17. Nxe5 Bxe5 18. g3 Rf8 19. a4 Bh3 20. Rfd1 Qe8 21. Nf3 Qh5 22.
Rd2 Rxf3 23. a5 Raf8 24. a6 b6 25. Qe1 Bd4 26. Kh1 Rxg3 27. fxg3 Qf3+ 28. Rg2
Bxg2# 0-1

[Event "Challenge"]
[Site "http://www.queenalice.com/game.php?id=291815"]
[Date "2007.10.23"]
[Round "-"]
[White "Bruce_Willis"]
[Black "Nias"]
[Result "1-0"]
[WhiteElo "2010"]
[BlackElo "1553"]

1. e4 e5 2. Nf3 Qf6 3. Nc3 c6 4. Be2 g5 5. d4 d6 6. Bxg5 Qg6 7. Qd2 h6 8. Bh4
Qxg2 9. O-O-O Qg6 10. Rhg1 Qe6 11. Nxe5 dxe5 12. dxe5 Nd7 13. Bg4 Qxe5 14. Qxd7+
Bxd7 15. Bxd7# 1-0

[Event "Challenge"]
[Site "http://www.queenalice.com/game.php?id=291818"]
[Date "2007.10.23"]
[Round "-"]
[White "Dean20"]
[Black "Bruce_Willis"]
[Result "0-1"]
[WhiteElo "1666"]
[BlackElo "1827"]

1. e4 c5 2. Nc3 Nc6 3. Nf3 Nf6 4. e5 Ng4 5. d4 cxd4 6. Nxd4 Ngxe5 7. g3 Nxd4 8.
Qxd4 Nf3+ 9. Kd1 Nxd4 10. Be3 e5 11. a3 Nf5 12. Bc4 Nxe3+ 13. fxe3 Bc5 14. e4
Qf6 15. Rf1 Qd6+ 16. Ke1 Rf8 17. Nb5 Qb6 18. b4 Bd4 19. c3 a6 20. Nxd4 exd4 21.
Rc1 Qh6 22. Rc2 Qe3+ 23. Kd1 d6 24. Re1 Bg4+ 25. Be2 d3 26. Rd2 Bxe2+ 27. Rexe2
dxe2+ 28. Rxe2 Qxc3 29. g4 Rc8 30. Rg2 Qd3+ 31. Rd2 Qf1# 0-1

[Event "Challenge"]
[Site "http://www.queenalice.com/game.php?id=291925"]
[Date "2007.10.23"]
[Round "-"]
[White "charles31"]
[Black "Bruce_Willis"]
[Result "0-1"]
[WhiteElo "1754"]
[BlackElo "1500"]

1. e4 c5 2. d4 cxd4 3. Qxd4 Nc6 4. Qd1 Nf6 5. Bd3 d5 6. Qf3 dxe4 7. Bxe4 Nd4 8.
Qd3 Nxe4 9. Qxe4 Bf5 10. Qf4 Nxc2+ 11. Ke2 Qd3# 0-1

[Event "Challenge"]
[Site "http://www.queenalice.com/game.php?id=291928"]
[Date "2007.10.23"]
[Round "-"]
[White "Bruce_Willis"]
[Black "charles31"]
[Result "1-0"]
[WhiteElo "1907"]
[BlackElo "1762"]

1. e4 e5 2. Nf3 d6 3. d4 exd4 4. Nxd4 Nf6 5. Nc3 Bd7 6. Be2 Nc6 7. O-O h6 8. Re1
Be7 9. Nxc6 Bxc6 10. Qd4 O-O 11. Be3 Qd7 12. Rad1 b6 13. Qc4 Rad8 14. h3 Nh7 15.
Bg4 Qe8 16. Nd5 Bxd5 17. exd5 f5 18. Be2 Rd7 19. a4 Bg5 20. Qa6 Bxe3 21. Bb5 f4
22. Bxd7 Qxd7 23. fxe3 f3 24. Rf1 Rf6 25. Rd4 Ng5 26. Rf4 Nxh3+ 27. gxh3 Rxf4
28. exf4 Qxh3 29. Kf2 Qh2+ 30. Ke3 g5 31. Qc8+ Kh7 32. Qxc7+ Kg8 33. Qd8+ Kh7
34. Qe7+ Kg8 35. Qe6+ Kh7 36. Qf5+ Kh8 37. Rxf3 Qg1+ 38. Rf2 Qe1+ 39. Kf3 Qc1
40. Qf6+ Kh7 41. Qf7+ Kh8 42. fxg5 Qxg5 43. Re2 1-0

[Event "Challenge"]
[Site "http://www.queenalice.com/game.php?id=292387"]
[Date "2007.10.24"]
[Round "-"]
[White "Bruce_Willis"]
[Black "Guillaume"]
[Result "1-0"]
[WhiteElo "2014"]
[BlackElo "1534"]

1. e4 e5 2. Nf3 Nf6 3. Nc3 Nc6 4. Bb5 Bb4 5. O-O O-O 6. d3 d6 7. Bg5 Bg4 8. Nd5
Nd4 9. Bc4 Bc5 10. b4 b5 11. Bxb5 Bxb4 12. Bxf6 gxf6 13. Nxd4 Bxd1 14. Nc6 Qe8
15. Nxf6+ Kg7 16. Nxe8+ Raxe8 17. Rfxd1 Re6 18. Nxb4 c5 19. Nd5 Rb8 20. Rab1 Rg8
21. Ne3 Rg6 22. Nf5+ Kf6 23. Nxd6 Rxg2+ 24. Kf1 Rxh2 25. Ke2 Rgg2 26. Rf1 Ke6
27. Nf5 f6 28. Ne3 Rg7 29. Bc6 Kd6 30. Bd5 h5 31. Rh1 Rxh1 32. Rxh1 Rh7 33. Nf5+
Kc7 34. Rb1 h4 35. Rb7+ Kc8 36. Rxh7 h3 37. Rxh3 a5 38. Rh7 a4 39. Nd6+ Kd8 40.
Be6 a3 41. Rd7# 1-0

[Event "Challenge"]
[Site "http://www.queenalice.com/game.php?id=292389"]
[Date "2007.10.24"]
[Round "-"]
[White "Bergman"]
[Black "Bruce_Willis"]
[Result "1/2-1/2"]
[WhiteElo "2526"]
[BlackElo "2049"]

1. e4 c5 2. Nf3 d6 3. d4 cxd4 4. Nxd4 Nf6 5. Nc3 a6 6. Bg5 e6 7. f4 Qb6 8. Bxf6
gxf6 9. Rb1 Nc6 10. Nxc6 bxc6 11. Qd2 d5 12. g3 Bb7 13. Na4 Qc7 14. Bg2 O-O-O
15. exd5 cxd5 16. O-O h5 17. Rf3 Bc6 18. Qd4 e5 19. Bh3+ Kb8 20. Rb3+ Bb7 21.
fxe5 fxe5 22. Qb6 Qxb6+ 23. Nxb6 Bc5+ 24. Kh1 h4 25. Nd7+ Rxd7 26. Bxd7 hxg3
1/2-1/2

[Event "Challenge"]
[Site "http://www.queenalice.com/game.php?id=292399"]
[Date "2007.10.24"]
[Round "-"]
[White "Bruce_Willis"]
[Black "Bergman"]
[Result "1/2-1/2"]
[WhiteElo "2014"]
[BlackElo "2526"]

1. e4 c5 2. Nf3 d6 3. d4 cxd4 4. Nxd4 Nf6 5. Nc3 a6 6. Be2 e5 7. Nb3 Be7 8. O-O
O-O 9. Be3 Nbd7 10. a4 Nc5 11. Nxc5 dxc5 12. Bc4 Bd7 13. a5 Rc8 14. Qf3 Bc6 15.
Bg5 Qc7 16. Bxf6 Bxf6 17. Nd5 Bxd5 18. Bxd5 Rcd8 19. Rfe1 1/2-1/2

[Event "Let's Play Chess!"]
[Site "http://www.queenalice.com/game.php?id=292435"]
[Date "2007.10.24"]
[Round "-"]
[White "Bruce_Willis"]
[Black "Abstro"]
[Result "1-0"]
[WhiteElo "1988"]
[BlackElo "1759"]

1. e4 e6 2. d4 d5 3. Nd2 a6 4. Ngf3 Bd6 5. Bd3 Ne7 6. e5 Bb4 7. c3 Ba5 8. a4 O-O
9. O-O f6 10. b4 Bb6 11. Qc2 f5 12. c4 Nbc6 13. Rb1 Nxd4 14. Nxd4 Bxd4 15. Nf3
Nc6 16. cxd5 exd5 17. b5 Nxe5 18. Nxd4 axb5 19. Bxb5 c6 20. Be2 f4 21. Nf3 Nxf3+
22. Bxf3 Bf5 23. Qb2 Bxb1 24. Qxb1 Qd7 25. Qb4 g5 26. Bb2 Rfe8 27. Qd4 g4 28.
Qh8+ 1-0

[Event "une petite partie?"]
[Site "http://www.queenalice.com/game.php?id=292476"]
[Date "2007.10.24"]
[Round "-"]
[White "Bruce_Willis"]
[Black "chessyca"]
[Result "1-0"]
[WhiteElo "2036"]
[BlackElo "1633"]

1. e4 Nf6 2. e5 Nd5 3. d4 d6 4. Nf3 dxe5 5. Nxe5 Nd7 6. Nxf7 Kxf7 7. Qh5+ Ke6 8.
Qg4+ Kf7 9. Qh5+ Ke6 10. c4 N7b6 11. g3 g5 12. Bxg5 Bg7 13. Bh3+ Kd6 14. cxd5
Bxh3 15. Qxh3 Nxd5 16. Nc3 Nxc3 17. bxc3 Qd7 18. Qh5 b6 19. O-O-O Rag8 20. Rhe1
Bf6 21. Bf4+ Kc6 22. Qf3+ Kb5 23. Qb7 Rd8 24. a4+ Kxa4 25. Qa6+ Kb3 26. Re2 Qa4
27. Rb2+ Ka3 28. Ra2+ Kb3 29. Qxa4+ Kxc3 30. Rc2# 1-0

[Event "Challenge"]
[Site "http://www.queenalice.com/game.php?id=293434"]
[Date "2007.10.26"]
[Round "-"]
[White "Dean20"]
[Black "Bruce_Willis"]
[Result "0-1"]
[WhiteElo "1694"]
[BlackElo "1971"]

1. e4 c5 2. d4 cxd4 3. c3 Nc6 4. cxd4 d5 5. e5 Bf5 6. Nf3 e6 7. Qa4 Rc8 8. Qb3
Nxd4 9. Qa4+ Nc6 10. Bb5 Ne7 11. Bg5 a6 12. Bxc6+ bxc6 13. Nd4 Bd3 14. Bxe7 Bxe7
15. Nc3 O-O 16. Rd1 Bc4 17. b3 Bb5 18. Ndxb5 cxb5 19. Qd4 Qa5 20. Rd3 Bb4 21.
Kd2 Bc5 22. Qh4 Bb4 23. Qd4 Rc6 24. Rc1 Qxa2+ 25. Rc2 Qxb3 26. f4 Rfc8 27. h4
Rc4 28. Qe3 Bxc3+ 29. Rdxc3 Qb4 30. g4 d4 31. Qd3 Rxc3 32. Rxc3 dxc3+ 33. Ke2 c2
34. Qe3 c1=Q 35. Qxc1 Rxc1 36. f5 Rc3 37. Kd2 Qb2+ 0-1

[Event "Challenge"]
[Site "http://www.queenalice.com/game.php?id=297418"]
[Date "2007.11.3"]
[Round "-"]
[White "luizpessoa"]
[Black "Bruce_Willis"]
[Result "0-1"]
[WhiteElo "1665"]
[BlackElo "2014"]

1. d4 Nf6 2. Nc3 d5 3. Bf4 Bf5 4. Nb5 Na6 5. e3 e6 6. Nc3 Bb4 7. Bxa6 Bxc3+ 8.
bxc3 bxa6 9. f3 Nh5 10. Bg3 Qg5 11. f4 Qg6 12. Qf3 Rb8 13. Ne2 Rb2 14. O-O Bxc2
15. c4 Bd3 16. Rfe1 Be4 17. Qf2 Nxg3 18. hxg3 dxc4 19. Rac1 Bd5 20. Qf1 Qe4 21.
Rb1 Rxb1 22. Rxb1 Ke7 23. a4 Qxe3+ 24. Kh1 h5 25. Ng1 h4 26. g4 h3 27. Qf3 Bxf3
28. Nxf3 hxg2+ 29. Kxg2 Qxf4 30. Ne5 Rh2+ 31. Kg1 Qf2# 0-1

[Event "Challenge"]
[Site "http://www.queenalice.com/game.php?id=297419"]
[Date "2007.11.3"]
[Round "-"]
[White "Bruce_Willis"]
[Black "luizpessoa"]
[Result "1-0"]
[WhiteElo "2010"]
[BlackElo "1655"]

1. e4 d5 2. exd5 Qxd5 3. Nc3 Qe5+ 4. Be2 Bg4 5. d4 Bxe2 6. Ngxe2 Qf5 7. Ng3 Qd7
8. O-O e6 9. d5 Bd6 10. Qf3 Bxg3 11. fxg3 h6 12. dxe6 fxe6 13. Qf8# 1-0

[Event "Challenge"]
[Site "http://www.queenalice.com/game.php?id=301287"]
[Date "2007.11.9"]
[Round "-"]
[White "Bruce_Willis"]
[Black "Teltz"]
[Result "1-0"]
[WhiteElo "2036"]
[BlackElo "1842"]

1. e4 d6 2. d4 e6 3. Nc3 a6 4. Nf3 h6 5. Bd3 b5 6. O-O Ne7 7. Re1 Bb7 8. d5 e5
9. b4 c6 10. a4 bxa4 11. dxc6 Nbxc6 12. Rxa4 Ng6 13. Nd5 Be7 14. Be3 O-O 15. Bb6
Qd7 16. c3 Bd8 17. Be3 Re8 18. c4 Nce7 19. Nd2 Nxd5 20. exd5 Be7 21. Bc2 Rec8
22. Qf3 Rf8 23. c5 dxc5 24. bxc5 Bxd5 25. Qg3 Bc6 26. Rg4 e4 27. Nxe4 Qf5 28.
Nf6+ Qxf6 29. Bd4 Qh4 30. Rxh4 Bxh4 31. Qg4 Bg5 32. h4 Bxh4 33. Bxg6 fxg6 34.
Qxh4 g5 35. Qg4 Kh8 36. Re7 Rg8 37. Qe6 Rac8 38. Qxh6# 1-0

[Event "Challenge"]
[Site "http://www.queenalice.com/game.php?id=301300"]
[Date "2007.11.9"]
[Round "-"]
[White "stoyan1"]
[Black "Bruce_Willis"]
[Result "0-1"]
[WhiteElo "1865"]
[BlackElo "2049"]

1. e4 c5 2. Bc4 e6 3. Nf3 Nf6 4. e5 d5 5. exf6 dxc4 6. fxg7 Bxg7 7. Na3 e5 8.
Nxc4 e4 9. Nfe5 Bxe5 10. Nxe5 Qg5 11. d4 Qxg2 12. Rf1 Bh3 13. Qe2 Qxf1+ 14. Qxf1
Bxf1 15. Kxf1 cxd4 16. Bf4 Nc6 17. Re1 f5 18. Nxc6 bxc6 19. Be5 Rg8 20. Bxd4 a6
21. Bc5 O-O-O 22. Be3 Rd7 23. Bf4 Rg4 24. Bg3 Rd2 25. Re2 Rxe2 26. Kxe2 f4 27.
h3 fxg3 0-1

[Event "Challenge"]
[Site "http://www.queenalice.com/game.php?id=301301"]
[Date "2007.11.9"]
[Round "-"]
[White "Bruce_Willis"]
[Black "stoyan1"]
[Result "1-0"]
[WhiteElo "2018"]
[BlackElo "1867"]

1. e4 e5 2. Nf3 d6 3. d4 exd4 4. Nxd4 Nf6 5. f3 Nbd7 6. Nc3 h6 7. Be3 c5 8. Nf5
Qb6 9. Nb5 a6 10. Nbxd6+ Bxd6 11. Qxd6 Qxd6 12. Nxd6+ Kf8 13. O-O-O g6 14. Bc4
Ne5 15. Bxc5 Kg7 16. Bb3 g5 17. Bd4 Nfd7 18. Bxf7 Rf8 19. Bh5 Rf6 20. Bxe5 Nxe5
21. Ne8+ 1-0

[Event "Challenge"]
[Site "http://www.queenalice.com/game.php?id=309838"]
[Date "2007.11.25"]
[Round "-"]
[White "chessyca"]
[Black "Bruce_Willis"]
[Result "0-1"]
[WhiteElo "1569"]
[BlackElo "2061"]

1. d4 Nf6 2. e3 d5 3. f4 c5 4. Nf3 Nc6 5. Bd3 Bg4 6. Nbd2 e6 7. c3 Bd6 8. O-O
cxd4 9. exd4 Bxf4 10. Nb3 Bd6 11. h3 Bh5 12. Bg5 Qb6 13. Qd2 Bg6 14. Bxf6 gxf6
15. g4 Bxd3 16. Qxd3 O-O-O 17. Rae1 Kb8 18. Qd2 Rdg8 19. Qh6 Rg6 20. Qh5 Bg3 21.
Re2 Qa6 22. Nc1 Bf4 0-1

[Event "Challenge"]
[Site "http://www.queenalice.com/game.php?id=324376"]
[Date "2007.12.22"]
[Round "-"]
[White "Verlager"]
[Black "Bruce_Willis"]
[Result "0-1"]
[WhiteElo "1992"]
[BlackElo "2022"]

1. b4 Nf6 2. Bb2 e6 3. b5 Bc5 4. e3 a6 5. a4 d5 6. Nf3 Nbd7 7. d4 Bb4+ 8. c3 Bd6
9. Bd3 O-O 10. c4 dxc4 11. Bxc4 Ne4 12. O-O axb5 13. axb5 Rxa1 14. Bxa1 Nb6 15.
Bd3 Ng5 16. Nbd2 h6 17. e4 f5 18. Re1 fxe4 19. Rxe4 Nxe4 20. Nxe4 Nd5 21. g3 Qe7
0-1

[Event "Bruchessis"]
[Site "http://www.queenalice.com/game.php?id=401580"]
[Date "2008.5.11"]
[Round "-"]
[White "Bruce_Willis"]
[Black "Luiss"]
[Result "0-1"]
[WhiteElo "2061"]
[BlackElo "1687"]

1. e4 Nc6 2. d4 e6 3. Nf3 d5 4. Nc3 Bb4 5. e5 h6 6. a3 Bxc3+ 7. bxc3 Bd7 8. Rb1
Na5 9. Bd3 Bc6 10. O-O Qe7 0-1